[Event "Barcelona Sant Marti op-B 5th"]
[Site "Barcelona"]
[Date "2016.02.11"]
[Round "5"]
[White "Demestres Lopez, Ricardo"]
[Black "Poyato Ruiz, Fernando"]
[Result "0-1"]
[WhiteElo "1652"]
[BlackElo "1834"]
[PlyCount "92"]
[EventDate "2016.01.14"]
[EventType "swiss"]
[EventRounds "9"]
[EventCountry "ESP"]
[SourceTitle "EXT 2017"]
[Source "ChessBase"]
[SourceDate "2016.10.25"]
[SourceVersion "1"]
[SourceVersionDate "2016.10.25"]
[SourceQuality "1"]

1. e4 e6 2. d4 d5 3. exd5 exd5 4. Nf3 Bd6 5. Nc3 c6 6. Qe2+ Ne7 7. Bg5 f6 8. Bh4 0-0 9. 0-0-0 Re8 10. Qd2 Qc7 11. Bg3 Nd7 12. Bd3 Nf8 13. Bxd6 Qxd6 14. h3 Bd7 15. Rde1 b6 16. Re2 Neg6 17. g3 Rxe2 18. Bxe2 Re8 19. h4 Bg4 20. h5 Ne7 21. Rh4 Qe6 22. Ng1 Bxe2 23. Ncxe2 Nf5 24. Rh1 Nd7 25. Kd1 c5 26. dxc5 Nxc5 27. Nf4 Qe4 28. Qxd5+ Qxd5+ 29. Nxd5 Rd8 30. c4 Ne7 31. Kc2 Nxd5 32. cxd5 Rxd5 33. Ne2 Ne4 34. Nc3 Rc5 35. Re1 Nxf2 36. Re7 b5 37. a3 a5 38. Kb3 Rxh5 39. Rb7 Rg5 40. Nxb5 Rxg3+ 41. Ka4 h5 42. Nd6 h4 43. Nf5 Rg4+ 44. Kxa5 Rg5 45. Rb5 h3 46. Ne3 h2 0-1

[Event "Barcelona Sant Marti op-B 15th"]
[Site "Barcelona"]
[Date "2013.07.16"]
[Round "4"]
[White "Demestres Lopez, Ricardo"]
[Black "Harutian, Arthur William"]
[Result "1-0"]
[WhiteElo "1668"]
[BlackElo "1517"]
[PlyCount "53"]
[EventDate "2013.07.13"]
[EventType "swiss"]
[EventRounds "9"]
[EventCountry "ESP"]
[SourceTitle "CBM 155 Extra"]
[Source "ChessBase"]
[SourceDate "2013.08.26"]
[SourceVersion "1"]
[SourceVersionDate "2013.08.26"]
[SourceQuality "1"]

1. e4 e5 2. Nf3 Nc6 3. d4 exd4 4. Nxd4 Bc5 5. Be3 Qe7 6. f3 Bxd4 7. Bxd4 f5 8. Nc3 fxe4 9. fxe4 Nf6 10. Bxf6 Qxf6 11. Bc4 Rf8 12. Qd2 d6 13. 0-0-0 Bd7 14. Nd5 Qd8 15. Rhf1 Be6 16. Rxf8+ Kxf8 17. Rf1+ Kg8 18. Nf6+ gxf6 19. Bxe6+ Kg7 20. Rf3 Ne5 21. Rh3 Kf8 22. Rxh7 d5 23. Qh6+ Ke8 24. exd5 c5 25. Rh8+ Ke7 26. Rxd8 Rxd8 27. Qg7+ 1-0

[Event "ESP-ch Veterans"]
[Site "Sabadell"]
[Date "2009.12.18"]
[Round "7"]
[White "Demestres Lopez, Ricardo"]
[Black "Monedero Gonzalez, Josep"]
[Result "0-1"]
[WhiteElo "1782"]
[BlackElo "2111"]
[PlyCount "62"]
[EventDate "2009.12.12"]
[EventType "swiss"]
[EventRounds "7"]
[EventCountry "ESP"]
[SourceTitle "CBM 133 Extra"]
[Source "ChessBase"]
[SourceDate "2010.01.05"]
[SourceVersion "1"]
[SourceVersionDate "2010.01.05"]
[SourceQuality "1"]

1. e4 e6 2. d4 d5 3. exd5 exd5 4. Nf3 Bd6 5. c3 Nc6 6. Bg5 Nge7 7. Bh4 f6 8. Bd3 Bf5 9. Bg3 Qd7 10. Bxd6 Qxd6 11. Be2 0-0-0 12. 0-0 g5 13. Nbd2 Ng6 14. Ne1 h5 15. g3 h4 16. g4 Bd7 17. Nd3 Nf4 18. Nxf4 Qxf4 19. f3 Rde8 20. Rf2 Nd8 21. a4 Ne6 22. Kh1 Qe3 23. Qf1 Qxd2 24. Bb5 Qf4 25. Bxd7+ Kxd7 26. Qb5+ Kc8 27. Qxd5 Qe3 28. Rff1 Nf4 29. Qf5+ Kb8 30. Qxf6 Qe2 31. Rg1 Qxf3+ 0-1

[Event "Santa Eulalia de Roncana 3rd"]
[Site "Santa Eulalia de Roncana"]
[Date "2009.11.14"]
[Round "7.11"]
[White "Demestres Lopez, Ricardo"]
[Black "Fernandez Felguera, Alvaro"]
[Result "1/2-1/2"]
[WhiteElo "1798"]
[BlackElo "1585"]
[PlyCount "88"]
[EventDate "2009.10.03"]
[EventType "swiss"]
[EventRounds "9"]
[EventCountry "ESP"]
[SourceTitle "EXT 2024"]
[Source "ChessBase"]
[SourceDate "2023.10.10"]
[SourceVersion "1"]
[SourceVersionDate "2023.10.10"]
[SourceQuality "1"]

1. e4 d5 2. exd5 Nf6 3. c4 c6 4. dxc6 Nxc6 5. d3 Bf5 6. Nc3 Nb4 7. Qa4+ Nc6 8. Be3 Ng4 9. h3 Nxe3 10. fxe3 Qb6 11. Nd5 Qxb2 12. Nc7+ Kd8 13. Nxa8 Qxa1+ 14. Kf2 Qb2+ 15. Kf3 Ne5+ 16. Kg3 Nxd3 17. Qa5+ b6 18. Qd5+ Bd7 19. Bxd3 e6 20. Qd4 Qxa2 21. Nxb6 axb6 22. Qxb6+ Kc8 23. Nf3 Qa3 24. Rb1 Bd6+ 25. Kf2 Qxd3 26. c5 Qc2+ 27. Kg1 Qxc5 28. Qxc5+ Bxc5 29. Rc1 Kb7 30. Rxc5 f6 31. Rc1 e5 32. Nd2 Rc8 33. Nc4 Kc7 34. Nxe5+ Kd6 35. Rxc8 Bxc8 36. Nf3 Bb7 37. Nd4 Ke5 38. Kf2 g6 39. h4 f5 40. g3 h6 41. Ne2 g5 42. hxg5 hxg5 43. Ng1 f4 44. gxf4+ gxf4 1/2-1/2

[Event "Santa Eulalia de Roncana 3rd"]
[Site "Santa Eulalia de Roncana"]
[Date "2009.10.24"]
[Round "4.22"]
[White "Fernandez Felguera, Agustin"]
[Black "Demestres Lopez, Ricardo"]
[Result "1/2-1/2"]
[WhiteElo "1588"]
[BlackElo "1798"]
[PlyCount "68"]
[EventDate "2009.10.03"]
[EventType "swiss"]
[EventRounds "9"]
[EventCountry "ESP"]
[SourceTitle "EXT 2024"]
[Source "ChessBase"]
[SourceDate "2023.10.10"]
[SourceVersion "1"]
[SourceVersionDate "2023.10.10"]
[SourceQuality "1"]

1. e4 c5 2. Nf3 Nc6 3. Bb5 a6 4. Bxc6 bxc6 5. 0-0 g6 6. c3 Bg7 7. d4 Qb6 8. dxc5 Qxc5 9. Be3 Qh5 10. Na3 d6 11. Qa4 Bd7 12. Rad1 Nf6 13. Nc2 0-0 14. Bf4 Qb5 15. Qxb5 axb5 16. e5 Nh5 17. exd6 Bg4 18. dxe7 Rfe8 19. Be3 Bxf3 20. gxf3 Rxe7 21. a3 Nf6 22. Rd6 Rc8 23. Nd4 Rec7 24. Rd1 Ne8 25. Nxb5 cxb5 26. Rb6 Rc6 27. Rxb5 Rd6 28. Rbd5 Rxd5 29. Rxd5 Nf6 30. Rd7 Ne8 31. Rd5 Nf6 32. Rd6 Ne8 33. Rd5 Nf6 34. Rd6 Ne8 1/2-1/2

[Event "Barbera del Valles op-B"]
[Site "Barbera del Valles"]
[Date "2008.07.05"]
[Round "1.8"]
[White "Ritter Aguilar, Jordi"]
[Black "Demestres Lopez, Ricardo"]
[Result "1-0"]
[WhiteElo "2044"]
[BlackElo "1873"]
[PlyCount "65"]
[EventDate "2008.07.05"]
[EventType "swiss"]
[EventRounds "8"]
[EventCountry "ESP"]
[SourceTitle "EXT 2024"]
[Source "ChessBase"]
[SourceDate "2023.10.10"]
[SourceVersion "1"]
[SourceVersionDate "2023.10.10"]
[SourceQuality "1"]

1. e4 c5 2. Nf3 d6 3. c3 Bg4 4. Be2 Nf6 5. 0-0 Nc6 6. d4 e6 7. d5 Bxf3 8. Bxf3 Ne5 9. Be2 Be7 10. f4 Ned7 11. Bf3 e5 12. c4 0-0 13. Nc3 a6 14. g3 Qc7 15. Bg2 Rfb8 16. a4 b6 17. Qe2 Qb7 18. Bd2 Ra7 19. g4 Ne8 20. g5 Nc7 21. Qg4 Na8 22. Rf3 Rf8 23. Qh5 g6 24. Qh6 Rb8 25. Rh3 Nf8 26. f5 f6 27. fxg6 hxg6 28. Rf1 f5 29. exf5 Bd8 30. Qh8+ Kf7 31. fxg6+ Ke8 32. Qxf8+ Kd7 33. Rh7+ 1-0

[Event "Barbera del Valles op B 29th"]
[Site "Barbera del Valles"]
[Date "2006.07.10"]
[Round "6"]
[White "Demestres Lopez, Ricardo"]
[Black "Exposito Cabrera, Joaquin"]
[Result "1/2-1/2"]
[WhiteElo "1861"]
[BlackElo "2086"]
[PlyCount "60"]
[EventDate "2006.07.05"]
[EventType "swiss"]
[EventRounds "9"]
[EventCountry "ESP"]
[SourceTitle "EXT 2022"]
[Source "ChessBase"]
[SourceDate "2021.10.06"]
[SourceVersion "1"]
[SourceVersionDate "2021.10.06"]
[SourceQuality "1"]

1. e4 c5 2. Nf3 d6 3. d4 cxd4 4. Nxd4 Nf6 5. Nc3 a6 6. a4 e6 7. Be2 Be7 8. 0-0 0-0 9. Be3 Qc7 10. f4 Nc6 11. Nb3 b6 12. Bf3 Bb7 13. Qd2 Rfd8 14. Qf2 Nd7 15. Rfd1 Bf6 16. Nd4 Nxd4 17. Bxd4 Rac8 18. Rd2 Be7 19. Rad1 Nc5 20. Qg3 Bf8 21. Bf6 Rd7 22. b4 e5 23. fxe5 Ne6 24. exd6 Qc4 25. b5 Kh8 26. bxa6 Ba8 27. Nd5 Bxd6 28. Be5 Bc5+ 29. Kh1 Rcd8 30. h4 f6 1/2-1/2

[Event "Calvia op Seniors"]
[Site "Calvia"]
[Date "2005.10.25"]
[Round "6"]
[White "Demestres Lopez, Ricardo"]
[Black "Macher, Claus"]
[Result "0-1"]
[WhiteElo "1905"]
[BlackElo "2130"]
[PlyCount "50"]
[EventDate "2005.10.21"]
[EventType "swiss"]
[EventRounds "9"]
[EventCountry "ESP"]
[SourceTitle "EXT 2006"]
[Source "ChessBase"]
[SourceDate "2005.11.24"]
[SourceVersion "1"]
[SourceVersionDate "2005.11.24"]
[SourceQuality "1"]

1. e4 c5 2. Nf3 e6 3. d4 cxd4 4. Nxd4 a6 5. a3 b5 6. Be2 Bc5 7. 0-0 Bb7 8. b4 Ba7 9. Bf3 Qc7 10. g3 Nf6 11. Qd3 0-0 12. Bg5 Qe5 13. Bxf6 gxf6 14. c3 Nc6 15. Rd1 Qg5 16. Bg2 Rad8 17. Nf3 Qg4 18. Nbd2 d5 19. exd5 Rxd5 20. Qc2 Rf5 21. Rf1 Rd8 22. Rae1 Rh5 23. Re2 Ne5 24. Nxe5 Qxe2 25. Bxb7 Rxd2 0-1

[Event "Calvia op Seniors"]
[Site "Calvia"]
[Date "2005.10.24"]
[Round "5"]
[White "Svensson, Leif"]
[Black "Demestres Lopez, Ricardo"]
[Result "1-0"]
[WhiteElo "2192"]
[BlackElo "1905"]
[PlyCount "29"]
[EventDate "2005.10.21"]
[EventType "swiss"]
[EventRounds "9"]
[EventCountry "ESP"]
[SourceTitle "EXT 2006"]
[Source "ChessBase"]
[SourceDate "2005.11.24"]
[SourceVersion "1"]
[SourceVersionDate "2005.11.24"]
[SourceQuality "1"]

1. d4 Nf6 2. Nc3 d5 3. e4 Nxe4 4. Nxe4 dxe4 5. Bc4 e6 6. Nh3 Be7 7. c3 e5 8. Qh5 0-0 9. dxe5 Bxh3 10. gxh3 c6 11. Rg1 Qc7 12. Bh6 g6 13. Rxg6+ Kh8 14. Bg7+ Kg8 15. Bf6+ 1-0

[Event "Calvia op Seniors"]
[Site "Calvia"]
[Date "2005.10.21"]
[Round "1"]
[White "Siegmund, Rainer"]
[Black "Demestres Lopez, Ricardo"]
[Result "1/2-1/2"]
[WhiteElo "2128"]
[BlackElo "1905"]
[PlyCount "84"]
[EventDate "2005.10.21"]
[EventType "swiss"]
[EventRounds "9"]
[EventCountry "ESP"]
[SourceTitle "EXT 2006"]
[Source "ChessBase"]
[SourceDate "2005.11.24"]
[SourceVersion "1"]
[SourceVersionDate "2005.11.24"]
[SourceQuality "1"]

1. d4 Nf6 2. c4 e6 3. Nc3 c5 4. d5 exd5 5. cxd5 d6 6. e4 Be7 7. Nf3 0-0 8. Be2 Re8 9. 0-0 a6 10. a4 Bg4 11. Nd2 Bxe2 12. Qxe2 Nbd7 13. f4 Qc7 14. Nc4 Nb6 15. Ne3 Bf8 16. a5 Nbd7 17. Qd3 b6 18. axb6 Nxb6 19. Nc4 Nxc4 20. Qxc4 Qb6 21. Ra4 Ra7 22. Re1 Nd7 23. Be3 Qb7 24. Qa2 Rb8 25. Re2 Raa8 26. Bf2 g6 27. e5 Qb3 28. e6 Qxa2 29. Rxa2 Nf6 30. h3 Be7 31. g4 Rb4 32. Be3 Ne4 33. f5 Bf6 34. Nxe4 Rxe4 35. Kf2 g5 36. Kf3 Rb4 37. Bf2 Rb3+ 38. Kg2 Kf8 39. Bg3 Rb6 40. Be1 Rb3 41. Bg3 Rb6 42. Be1 Rb3 1/2-1/2

[Event "UGA Inverno op"]
[Site "Barcelona"]
[Date "2002.??.??"]
[Round "4"]
[White "Guillen Buil, Jesus Carlos"]
[Black "Demestres Lopez, Ricardo"]
[Result "1-0"]
[WhiteElo "2125"]
[BlackElo "1880"]
[PlyCount "75"]
[EventDate "2002.01.21"]
[EventType "swiss"]
[EventRounds "7"]
[EventCountry "ESP"]
[SourceTitle "EXT 2003"]
[Source "ChessBase"]
[SourceDate "2002.11.25"]
[SourceVersion "1"]
[SourceVersionDate "2002.11.25"]
[SourceQuality "1"]

1. e4 c5 2. Nf3 d6 3. d4 cxd4 4. Nxd4 Nf6 5. Nc3 a6 6. f3 b5 7. Be3 e6 8. Qd2 Be7 9. 0-0-0 0-0 10. g4 Bb7 11. g5 Nfd7 12. h4 Nc6 13. Nxc6 Bxc6 14. h5 Ne5 15. f4 Nd7 16. Bd3 f5 17. gxf6 Bxf6 18. Rhg1 b4 19. Ne2 Nc5 20. Nd4 Bd7 21. h6 g6 22. f5 Nxd3+ 23. Qxd3 e5 24. Nf3 Bb5 25. Qd5+ Kh8 26. fxg6 hxg6 27. Rxg6 Be2 28. Rdg1 Bxf3 29. h7 Qe7 30. Rg8+ Kxh7 31. R8g3 Bh5 32. Rh3 Bh4 33. Rgh1 Rf3 34. Qxa8 Rxh3 35. Rxh3 Bg4 36. Rh1 Qf7 37. Rxh4+ Bh5 38. Qa7 1-0

[Event "Barceloneta op"]
[Site "Barcelona"]
[Date "2001.10.06"]
[Round "2"]
[White "Oms Fuentes, Lluis"]
[Black "Demestres Lopez, Ricardo"]
[Result "1-0"]
[WhiteElo "2125"]
[BlackElo "1930"]
[PlyCount "49"]
[EventDate "2001.09.29"]
[EventType "swiss"]
[EventRounds "9"]
[EventCountry "ESP"]
[SourceTitle "CBM 085 Extra"]
[Source "ChessBase"]
[SourceDate "2002.01.21"]
[SourceVersion "1"]
[SourceVersionDate "2002.01.21"]
[SourceQuality "1"]

1. e4 c5 2. Nc3 a6 3. g3 Nc6 4. Bg2 g6 5. d3 Bg7 6. Be3 d6 7. Qd2 Bg4 8. h3 Be6 9. f4 Qb6 10. Nd1 0-0-0 11. c4 f5 12. Nf3 Nf6 13. exf5 gxf5 14. 0-0 Rhg8 15. a3 Nh5 16. Bf2 Na5 17. Qe2 d5 18. Ng5 Rd6 19. Qxh5 dxc4 20. Nxe6 Rxe6 21. Bd5 Rh6 22. Qxf5+ e6 23. Qf7 Qd8 24. Bxe6+ Kb8 25. Qxg8 1-0

[Event "ESP Ronda op"]
[Site "Spain"]
[Date "1998.??.??"]
[Round "?"]
[White "Demestres Lopez, Ricardo"]
[Black "Monzon Cervera, Cristian"]
[Result "0-1"]
[WhiteElo "1970"]
[BlackElo "2285"]
[PlyCount "100"]
[EventDate "1998.??.??"]
[EventType "swiss"]
[EventRounds "9"]
[EventCountry "ESP"]
[SourceTitle "EXT 2003"]
[Source "ChessBase"]
[SourceDate "2002.11.25"]
[SourceVersion "1"]
[SourceVersionDate "2002.11.25"]
[SourceQuality "1"]

1. e4 e5 2. Nf3 Nc6 3. d4 exd4 4. Bc4 Nf6 5. 0-0 Nxe4 6. Re1 d5 7. Bxd5 Qxd5 8. Nc3 Qa5 9. Rxe4+ Be6 10. Ne2 Be7 11. Nexd4 0-0-0 12. Bd2 Qd5 13. Nxc6 Qxc6 14. Re2 Bf6 15. c3 Bg4 16. Qb3 Bxf3 17. gxf3 Qxf3 18. Rae1 Qd5 19. Qxd5 Rxd5 20. Re8+ Rxe8 21. Rxe8+ Kd7 22. Re2 Be7 23. Kg2 Bd6 24. c4 Rd3 25. Bc3 g5 26. h3 f5 27. Rd2 Rxd2 28. Bxd2 Be5 29. b3 Bf6 30. f4 h6 31. Kf3 Ke6 32. Be3 a6 33. Bc5 Be7 34. Bd4 Kf7 35. Be3 Kg6 36. fxg5 hxg5 37. Bf2 Bd6 38. Be3 Kh5 39. Bf2 g4+ 40. hxg4+ fxg4+ 41. Ke4 g3 42. Bg1 Kg4 43. c5 Bf4 44. Bd4 c6 45. Bg1 g2 46. Bf2 Bh2 47. b4 Kg5 48. Bd4 Kg6 49. Kf3 g1Q 50. Bxg1 Bxg1 0-1